Can u name every NFL teams best QB All Time - Statistics

General Stats
  • This quiz has been taken 143 times
  • The average score is 22 of 32
Answer Stats
Team Answer % Correct
New England Patriots Tom Brady
96%
Tampa Bay Buccaneers Tom Brady
96%
New York Giants Eli Manning
93%
Kansas City Cheifs Patrick Mahomes
93%
Indianapolis Colts Peyton Manning
93%
Green Bay Packers Aaron Rodgers
90%
San Francisco 49ers Joe Montana
90%
Atlanta Falcons Matt Ryan
89%
Carolina Panthers Cam Newton
87%
Baltimore Ravens Joe Flacco
86%
Seattle Seahawks Russell Wilson
86%
Arizona Cardinals Kurt Warner
85%
Los Angeles Rams Kurt Warner
85%
Miami Dolphins Dan Marino
82%
New Orleans Saints Drew Brees
82%
Detroit Lions Matthew Stafford
81%
Denver Broncos John Elway
80%
Buffalo Bills Jim Kelly
76%
Los Angeles Chargers Philip Rivers
73%
Pittsburgh Steelers Terry Bradshaw
70%
New York Jets Joe Namath
65%
Philadelphia Eagles Donovan McNabb
61%
Chicago Bears Jay Cutler
61%
Dallas Cowboys Roger Staubach
56%
Minnesota Vikings Fran Tarkenton
50%
Tennessee Titans Steve McNair
40%
Houston Texans Matt Schaub
38%
Cleveland Browns Otto Graham
38%
Las Vegas Raiders Ken Stabler
34%
Jacksonville Jaguars Mark Brunell
31%
Cincinnati Bengals Ken Anderson
28%
Washington Commanders Sammy Baugh
27%
No matching quizzes found
Score Distribution
Percent of People with Each Score
Percentile by Number Answered
Your Score History
You have not taken this quiz